Online katalóg knižníc regiónu Turca

Adora (Record no. 22440)

MARC details
000 -LEADER
fixed length control field 00977nam a2200325 a 4500
001 - CONTROL NUMBER
control field 22440
003 - CONTROL NUMBER IDENTIFIER
control field SK-KTurca
005 - DATE AND TIME OF LATEST TRANSACTION
control field 20260328115925.0
008 - FIXED-LENGTH DATA ELEMENTS--GENERAL INFORMATION
fixed length control field 240226s2000 xo ra slo
015 ## - NATIONAL BIBLIOGRAPHY NUMBER
National bibliography number SNBA2001/04-01305
020 ## - INTERNATIONAL STANDARD BOOK NUMBER
International Standard Book Number 8071185612
035 ## - SYSTEM CONTROL NUMBER
System control number SNK000362642
035 ## - SYSTEM CONTROL NUMBER
System control number urn:nbn:sk:snk-amk3gl
035 ## - SYSTEM CONTROL NUMBER
System control number urn:nbn:sk:snk-am0058m1
035 ## - SYSTEM CONTROL NUMBER
System control number D503B03B-7847-44CF-9B3C-05BF65BA1E51
040 ## - CATALOGING SOURCE
Original cataloging agency SNK
Language of cataloging slo
Original cataloging agency SNK
Description conventions AACR2
041 1# - LANGUAGE CODE
Language code of text/sound track or separate title slo
Language code of original eng
044 ## - COUNTRY OF PUBLISHING/PRODUCING ENTITY CODE
MARC country code xo
ISO country code SK
080 ## - UNIVERSAL DECIMAL CLASSIFICATION NUMBER
Universal Decimal Classification number 821.111(73)-31
Edition identifier 2011
100 1# - MAIN ENTRY--PERSONAL NAME
Personal name Small, Bertrice,
Dates associated with a name 1937-2015
Relationship aut
240 10 - UNIFORM TITLE
Uniform title Adora
Language of a work Slovensky
245 10 - TITLE STATEMENT
Title Adora
Statement of responsibility, etc. Bertrice Smallová ; [z anglického originálu Adora ... preložila Jana Seichertová]
260 ## - PUBLICATION, DISTRIBUTION, ETC.
Place of publication, distribution, etc. Bratislava
Name of publisher, distributor, etc. Ikar
Date of publication, distribution, etc. 2000
300 ## - PHYSICAL DESCRIPTION
Extent 350 s.
Dimensions 21 cm
655 #7 - INDEX TERM--GENRE/FORM
Genre/form data or focus term americké romány
Source of term SNKPH
655 #7 - INDEX TERM--GENRE/FORM
Genre/form data or focus term ľúbostné romány
Source of term SNKPH
655 #7 - INDEX TERM--GENRE/FORM
Genre/form data or focus term historické romány
Source of term SNKPH
700 1# - ADDED ENTRY--PERSONAL NAME
Personal name Seichertová, Jana
Relationship trl
942 ## - ADDED ENTRY ELEMENTS (KOHA)
Source of classification or shelving scheme Dewey Decimal Classification
Koha item type Krásna literatúra pre dospelých
Suppress in OPAC No
Holdings
Stav vyradenia Strata Poškodenie Spôsob nadobudnutia Domovská knižnica Aktuálna knižnica Dátum nadobudnutia Total checkouts Čiarový kód exemplára Date last seen Typ exemplára
      Dar Obecná knižnica Horná Štubňa Obecná knižnica Horná Štubňa 28.03.2026   9788071185611 28.03.2026 Krásna literatúra pre dospelých
Projekt je podporený Slovenskou asociáciou knižníc
Prevádzkuje Turčianska knižnica Martin 2026